000 00614nam a2200229Ia 4500
003 OSt
005 20221007080706.0
006 a|||||r|||| 00| 0
007 ta
008 221006b |||||||| |||| 00| 0 eng d
024 _a16,644
037 _cTextual
040 _aFLL
_cFLL
_beng
041 _2eng
_aeng
082 _aY1:45:5Z, E7
100 _aFerri Richard D. Au.
_9695252
245 0 _aCriminal sociology
260 _aNew York
_bAppleton Century Crofts U.S.A.
_c1917
300 _a575p
_ccm.
942 _hY1:45:5Z, E7
_cTEXL
_2CC
999 _c1160551
_d1160551